| 000 | 00788nac a2200241 a 4500 | ||
|---|---|---|---|
| 003 | Co-PeBPM | ||
| 005 | 20240319211304.0 | ||
| 008 | 240319e2020 |||o|||| |||| 00| 0 spa d | ||
| 020 | _a9789585658530 | ||
| 040 |
_aCo-PeBPM _bspa _cCo-PeBPM _erda |
||
| 041 | _aspa | ||
| 082 | 0 | 4 | _a333.79 L321c |
| 110 | _aLa Republica | ||
| 245 | 1 | 0 |
_aColombia _b: potencia energética _c/ La República |
| 260 |
_aBogotá, Colombia _b: La República _c, 2020 |
||
| 300 |
_a123 páginas _b: fotografías _c; 25 centímetros |
||
| 500 | _aIncluye tabla de contenido | ||
| 504 | _aIncluye referencias bibliográficas. | ||
| 650 |
_aSector energético _xHistoria _zColombia |
||
| 650 |
_aDesarrollo energético _zColombia |
||
| 650 |
_aEnergía _xAspectos económicos _zColombia |
||
| 942 |
_2ddc _cBK _n0 |
||
| 999 |
_c26617 _d26617 |
||